00608nam a22001817a 45000050016000000200022000160350013000380370013000511000029000642450071000932500012001642600044001763000025002207000026002459420022002719990017002939520116003102012050300340.0 a812031204Xc75.00 aA-933706 aDPLbENG aNellis, Joseph G.946336 aThe essence of the economy /cby Joseph G. Nellis and David Parker a2nd ed. aNew DelhibPrentice-Hall of Indiac1997 axiii, 213p.c18 cms. aParker, David 946337 2ddccENh330mNEL c66103d66103 001040708NFICaZLSbZLSd2012-05-03g75.00l0o330 NELpA-933706r2012-05-03 00:00:00v75.00w2012-05-03yEN